The Department of Defense review of vetting policies for international military students following the attack on Naval Air Station Pensacola : hearing before the Subcommittee on Emerging Threats and Capabilities of the Committee on Armed Services, United States Senate, One Hundred Sixteenth Congress, second session, March 4, 2020.

Bibliographic Details
Corporate Author: United States. Congress. Senate. Committee on Armed Services. Subcommittee on Emerging Threats and Capabilities (Author)
Format: Government Document eBook
Language:English
Published: Washington : U.S. Government Publishing Office, 2024.
Series:S. hrg. ; 116-293
Subjects:
Online Access:https://purl.fdlp.gov/GPO/gpo233939

MARC

Tag First Indicator Second Indicator Subfields
LEADER 00000nam a2200000 i 4500
001 in00005609708
006 m o d f
007 cr |||||||||||
008 241017s2024 dcu ob f000 0 eng c
005 20241219164127.9
024 8 |a 56-284  |q (GPO jacket number) 
035 |a (OCoLC)on1461769683 
040 |a GPO  |b eng  |e rda  |e pn  |c GPO  |d MvI 
042 |a pcc 
043 |a n-us-fl 
049 |a WWW 
074 |a 1034-C (online) 
086 0 |a Y 4.AR 5/3:S.HRG.116-293 
110 1 |a United States.  |b Congress.  |b Senate.  |b Committee on Armed Services.  |b Subcommittee on Emerging Threats and Capabilities,  |0 https://id.loc.gov/authorities/names/no00033539  |e author. 
245 1 4 |a The Department of Defense review of vetting policies for international military students following the attack on Naval Air Station Pensacola :  |b hearing before the Subcommittee on Emerging Threats and Capabilities of the Committee on Armed Services, United States Senate, One Hundred Sixteenth Congress, second session, March 4, 2020. 
264 1 |a Washington :  |b U.S. Government Publishing Office,  |c 2024. 
300 |a 1 online resource (iii, 19 pages). 
336 |a text  |b txt  |2 rdacontent 
337 |a computer  |b c  |2 rdamedia 
338 |a online resource  |b cr  |2 rdacarrier 
490 1 |a S. hrg. ;  |v 116-293 
500 |a Access ID (govinfo): CHRG-116shrg56284. 
500 |a In scope of the U.S. Government Publishing Office Cataloging and Indexing Program (C&I) and Federal Depository Library Program (FDLP). 
500 |a GPO Cataloging Record Distribution Program (CRDP). 
504 |a Includes bibliographical references. 
518 |a Date of hearing: 2020-03-04. 
588 |a Description based on online resource; title from PDF title page (GovInfo, viewed October 17, 2024). 
650 0 |a Students, Foreign  |z Florida  |z Pensacola. 
650 0 |a Distance education  |x Military aspects  |z Florida  |z Pensacola. 
650 0 |a Military education  |z Florida  |z Pensacola. 
650 7 |a Armed Forces and National Security.  |2 cgpa 
655 7 |a Legislative hearings.  |2 lcgft  |0 https://id.loc.gov/authorities/genreForms/gf2013025047 
776 0 8 |i Print version:  |a United States. Congress. Senate. Committee on Armed Services. Subcommittee on Emerging Threats and Capabilities.  |t Department of Defense review of vetting policies for international military students following the attack on Naval Air Station Pensacola  |w (OCoLC)1461769794 
810 1 |a United States.  |b Congress.  |b Senate.  |t S. hrg. ;  |0 https://id.loc.gov/authorities/names/n83707917  |v 116-293. 
856 4 0 |u https://purl.fdlp.gov/GPO/gpo233939  |t 0 
999 f f |i 55212e0e-147c-4f09-bb68-d9dbcab7a80e  |s 9dc3b064-5064-4ed6-a9bb-a7af991df166  |t 0 
952 f f |a Texas A&M University  |b College Station  |c Electronic Resources  |d Available Online  |t 0  |e Y 4.AR 5/3:S.HRG.116-293  |h Superintendent of Documents classification 
998 f f |a Y 4.AR 5/3:S.HRG.116-293  |t 0  |l Available Online